000
00324nam a2200133Ia 4500
008
191201s2007 xx 000 0 und d
082
_a
510
_b
KOD
100
_a
Kolman,
245
0
_a
Discrete Mathematical Structure
260
_a
N.Delhi
_b
Pearson Education
_c
2007
300
_a
-
650
_a
B.Tech(IT)
942
_2
ddc
_c
BK
_0
4
999
_c
2762
_d
2762